000
00281nam a22001217a 4500
008
170713b xxu||||| |||| 00| 0 eng d
041
_a
eng
080
_a
10(-81)
100
_a
24
101
_a
FIL
245
_a
A HISTORY OF WESTERN PHILOSOPHY
_c
HAMLYN.D.W
942
_2
udc
_c
BK
999
_c
20595
_d
20595